|
|
|
|
| LEADER |
01211nam a22002537a 4500 |
| 001 |
38214 |
| 003 |
BD-DhAAL |
| 005 |
20260410194214.0 |
| 008 |
220323t2001 bg ||||| |||| 00| 0 ben d |
| 020 |
|
|
|a 9844930693
|
| 040 |
|
|
|a BD-DhAAL
|c BD-DhAAL
|
| 041 |
|
|
|a ben
|
| 082 |
|
|
|a 320.95492
|
| 100 |
|
|
|a মনিরুজ্জামান, তালুকদার.
|9 47310
|
| 245 |
|
|
|a বাংলাদেশের রাজনীতি সংকট ও বিশ্লেষণ /
|c তালুকদার মনিরুজ্জামান.
|
| 246 |
|
|
|a Bangladesher rajniti sangkat o bislation
|
| 260 |
|
|
|a ঢাকা :
|b বাংলাদেশ কো-অপারেটিভ বুক সোসাইটি লিঃ,
|c ২০০১.
|
| 300 |
|
|
|a [৮], ১৭১ পৃষ্ঠা ;
|c ২১ সে.মি.
|
| 541 |
|
|
|a Donated by Akbar Ali Khan
|e 38214
|
| 650 |
|
|
|a Bangladesh
|x Politics and government.
|9 47311
|
| 852 |
|
|
|a Ayesha Abed Library
|c Akbar Ali Khan Collection
|
| 942 |
|
|
|2 ddc
|c BK
|
| 999 |
|
|
|c 43857
|d 43857
|
| 952 |
|
|
|0 0
|1 0
|2 ddc
|4 0
|6 320_954920000000000_MAN
|7 1
|9 70244
|a BRACUL
|b BRACUL
|c AAKC
|d 2022-03-23
|e Donated by Akbar Ali Khan
|l 0
|o 320.95492 MAN
|p 3010038214
|r 2022-03-23
|t 1
|w 2022-03-23
|y BK
|